LEADER 00924nam a2200253 i 4500 001 000000057057 003 CaOOAMICUS 005 20050727000000.0 008 050727s1973 it u000 u ita u 013 $a28229 040 $aSeMil$bita 100 1 $aVagovic, Stefan.$0(OLS)http://semarc/name/28949 245 10$aEtica comunista /$cStefano Vagovic. 250 $aNuova ed. riveduta ed ampliata. 260 $aRoma :$bCittà Nuova,$c1973. 300 $a367 p. ;$c21 cm. 500 $aContiene : Bibliografia. 650 4$aComunismo.$0(OLS)http://semarc/subject/9741 650 4$aMorale marxista.$0(OLS)http://semarc/subject/11508 850 $aSeMil 852 $aSeMil$W1$xVenegono$y1$m2R II 362$j23211$B23211$CSeMilBibl$Z2$F23213 $81 961 $aOmaggio: Consonni don Lauro 996 $6245$aEtica comunista$9(OLS)http://semarc/title/88757 996 $6260$aRoma :$bCittà Nuova$9(OLS)http://semarc/publisher/29609 LEADER 00687naa a2200157 i 4500 001 000000296187 003 CaOOAMICUS 005 20180831172540.0 008 180831n xx u000 u und u 013 $a3638 040 $aSeMil$bita 100 1 $aPerico, Giacomo,$c.$0(OLS)http://semarc/name/18183 245 10$aSituazioni matrimoniali non regolari o difficili :$bconsiderazioni pastorali. p. 235-253. 650 4$aMatrimonio.$0(OLS)http://semarc/subject/833 773 0 $tSinodo per la famiglia.$dMilano : Libreria della famiglia, 1980.$w()50166 996 $6245$aSituazioni matrimoniali non regolari o difficili :$bconsiderazioni pastorali. p. 235-253.$9(OLS)http://semarc/title/372242